[Event "24th Klatovy A 2016"]
[Site "Klatovy CZE"]
[Date "2016.07.09"]
[Round "8.15"]
[White "Zizka, Petr"]
[Black "Soural, Jan"]
[Result "0-1"]
[WhiteElo "2004"]
[BlackElo "2231"]
[PlyCount "54"]
[EventDate "2016.07.02"]
[EventType "swiss"]
[EventRounds "9"]
[EventCountry "CZE"]

1. b3 b6 2. Bb2 Bb7 3. e3 e6 4. f4 Nf6 5. Nf3 Be7 6. Be2 c5 7. O-O O-O 8. Qe1 d6 9. Qg3 Nc6 10. d3 Rc8 11. Nbd2 Re8 12. e4 Bf8 13. Qh4 Nd7 14. Qh5 Nf6 15. Qh4 e5 16. fxe5 dxe5 17. Nc4 Nd4 18. Bd1 Nd7 19. Qh5 f6 20. Ne3 Nb8 21. Nh4 Rc7 22. c4 g6 23. Qg4 Bg7 24. Nd5 Rf7 25. Qg3 Nbc6 26. Bg4 Bc8 27. Bxc8 Ne2+ 0-1

[Event "24th Klatovy A 2016"]
[Site "Klatovy CZE"]
[Date "2016.07.09"]
[Round "8.22"]
[White "Neuman Zakoucka, Adela 1987"]
[Black "Kaderabek, Jiri"]
[Result "1/2-1/2"]
[WhiteElo "1969"]
[BlackElo "2125"]
[PlyCount "38"]
[EventDate "2016.07.02"]
[EventType "swiss"]
[EventRounds "9"]
[EventCountry "CZE"]

1. e4 c5 2. Nc3 Nc6 3. Bb5 e6 4. Bxc6 bxc6 5. d3 d5 6. Nf3 g6 7. O-O Bg7 8. Bd2 Nf6 9. Re1 O-O 10. b3 c4 11. e5 Nd7 12. bxc4 dxc4 13. d4 c5 14. d5 Bb7 15. Bg5 Qa5 16. dxe6 Bxf3 17. Qxf3 fxe6 18. Qg3 Rf5 19. f4 Rb8 1/2-1/2

[Event "24th Klatovy A 2016"]
[Site "Klatovy CZE"]
[Date "2016.07.09"]
[Round "8.37"]
[White "Novotny, Jaroslav2"]
[Black "Gumustas, Ilgaz"]
[Result "1/2-1/2"]
[WhiteElo "1953"]
[BlackElo "1797"]
[PlyCount "77"]
[EventDate "2016.07.02"]
[EventType "swiss"]
[EventRounds "9"]
[EventCountry "CZE"]

1. e4 d6 2. d4 Nf6 3. Nc3 g6 4. f4 Bg7 5. Nf3 O-O 6. Bd3 Nc6 7. O-O e5 8. fxe5 dxe5 9. d5 Nd4 10. Nxd4 exd4 11. Bg5 dxc3 12. Qf3 cxb2 13. Rab1 Bg4 14. Qf4 Qe7 15. Bxf6 Bxf6 16. Qxf6 Qxf6 17. Rxf6 Kg7 18. Rf4 Bd7 19. Rxb2 b6 20. Rb3 c6 21. dxc6 Bxc6 22. Rc3 Bd7 23. Rc7 Be6 24. Ba6 Bxa2 25. c4 Rad8 26. Bb7 Rd6 27. Bd5 Rf6 28. Rxf6 Kxf6 29. Rxa7 Bb1 30. Rb7 Ke5 31. Kf2 Kd4 32. e5 Be4 33. Bxe4 Kxe4 34. Rxb6 Kxe5 35. Ke3 f5 36. Rb5+ Kd6 37. Kd4 Rf7 38. h4 Re7 39. Rd5+ 1/2-1/2

[Event "24th Klatovy A 2016"]
[Site "Klatovy CZE"]
[Date "2016.07.09"]
[Round "8.40"]
[White "Kovar, Petr"]
[Black "Lhotsky, Zdenek"]
[Result "1-0"]
[WhiteElo "1915"]
[BlackElo "1853"]
[PlyCount "41"]
[EventDate "2016.07.02"]
[EventType "swiss"]
[EventRounds "9"]
[EventCountry "CZE"]

1. c4 e5 2. Nc3 f5 3. d4 exd4 4. Qxd4 Nc6 5. Qe3+ Be7 6. Nd5 b6 7. Nf3 Nh6 8. Ne5 Nb4 9. Qc3 Nxd5 10. cxd5 Bf6 11. Bxh6 gxh6 12. f4 Bb7 13. Qh3 Bxd5 14. Qxf5 Qe7 15. O-O-O c6 16. e4 Be6 17. Qh5+ Kf8 18. Kb1 Qg7 19. Bc4 Bxe5 20. Bxe6 Bxb2 21. Rxd7 1-0

[Event "24th Klatovy A 2016"]
[Site "Klatovy CZE"]
[Date "2016.07.09"]
[Round "8.19"]
[White "Routner, Jakub"]
[Black "Dolansky, Lukas"]
[Result "0-1"]
[WhiteElo "2130"]
[BlackElo "2102"]
[PlyCount "106"]
[EventDate "2016.07.02"]
[EventType "swiss"]
[EventRounds "9"]
[EventCountry "CZE"]

1. e4 e5 2. Nf3 Nc6 3. Bb5 Bc5 4. c3 Nf6 5. O-O O-O 6. d4 Bb6 7. Bg5 h6 8. Bh4 d6 9. Qd3 Qe7 10. Nbd2 Bg4 11. Rfe1 Rad8 12. h3 Bh5 13. d5 Nb8 14. Nc4 a6 15. Ba4 Ba7 16. Ne3 Bg6 17. Ng4 Kh7 18. Nfh2 b5 19. Nxf6+ gxf6 20. Bd1 Nd7 21. Bg4 Nc5 22. Qf3 Kg7 23. b4 Na4 24. Bh5 Nb6 25. Bg4 Rh8 26. Bf5 h5 27. Rad1 Rh6 28. Rd3 Rg8 29. Nf1 Nc4 30. Ng3 Rf8 31. Qe2 Nb6 32. Rf3 Qd8 33. Qd2 Kh7 34. Bxf6 Qxf6 35. Bxg6+ Qxg6 36. Nf5 Nc4 37. Qc1 Qf6 38. Nxh6 Qxh6 39. Rf5 Qg6 40. Qd1 Kh6 41. Qf3 Nd2 42. Qe2 Rg8 43. Qxd2+ Kh7 44. g4 hxg4 45. h4 g3 46. Rg5 gxf2+ 47. Kf1 fxe1=Q+ 48. Kxe1 Qxe4+ 49. Kd1 Be3 50. Rh5+ Kg6 51. Rg5+ Bxg5 52. Qxg5+ Kh7 53. Qh5+ Kg7 0-1

[Event "24th Klatovy A 2016"]
[Site "Klatovy CZE"]
[Date "2016.07.09"]
[Round "8.20"]
[White "Skopec, Lubos"]
[Black "Jelinek, Michal"]
[Result "0-1"]
[WhiteElo "1985"]
[BlackElo "2176"]
[PlyCount "110"]
[EventDate "2016.07.02"]
[EventType "swiss"]
[EventRounds "9"]
[EventCountry "CZE"]

1. e4 e5 2. Nf3 Nc6 3. c3 Nf6 4. d4 exd4 5. e5 Nd5 6. cxd4 Bb4+ 7. Bd2 Bxd2+ 8. Qxd2 O-O 9. Nc3 Nxc3 10. bxc3 d6 11. exd6 Qxd6 12. Be2 Rd8 13. O-O h6 14. h3 Be6 15. Rfd1 Na5 16. Rac1 Nc4 17. Qc2 Bd5 18. Nd2 Qe6 19. Nxc4 Bxc4 20. Bxc4 Qxc4 21. Qb3 Qxb3 22. axb3 Kf8 23. Re1 Re8 24. Re3 Rxe3 25. fxe3 Ke7 26. Kf2 a5 27. e4 b5 28. c4 c6 29. cxb5 cxb5 30. Ke3 a4 31. bxa4 bxa4 32. Ra1 a3 33. Ra2 Ke6 34. Kf4 Ra4 35. Ke3 f5 36. Kf3 fxe4+ 37. Kxe4 h5 38. h4 Kd6 39. Kf5 Kd5 40. Kg6 Kc4 41. Kxh5 Kb3 42. Ra1 Kb2 43. Rxa3 Kxa3 44. g4 Ra6 45. Kg5 Kb4 46. Kf5 Kc4 47. h5 Kxd4 48. g5 Kd5 49. g6 Kd6 50. h6 Ke7 51. hxg7 Ra8 52. Kg5 Rg8 53. Kh6 Kf6 54. Kh7 Rxg7+ 55. Kh8 Rxg6 0-1

[Event "24th Klatovy A 2016"]
[Site "Klatovy CZE"]
[Date "2016.07.09"]
[Round "8.21"]
[White "Hajek, Jiri2"]
[Black "Vorisek, Jaroslav"]
[Result "0-1"]
[WhiteElo "1981"]
[BlackElo "2171"]
[PlyCount "100"]
[EventDate "2016.07.02"]
[EventType "swiss"]
[EventRounds "9"]
[EventCountry "CZE"]

1. d4 d5 2. Nf3 Bg4 3. Ne5 Bf5 4. c4 f6 5. Nf3 c6 6. Nc3 e6 7. h3 Bg6 8. e3 Bd6 9. Bd3 f5 10. cxd5 exd5 11. Qc2 Nh6 12. Bd2 Nd7 13. Na4 Qe7 14. Rc1 Nf6 15. O-O Ne4 16. Be1 O-O 17. Nc5 Rae8 18. Nd2 f4 19. Ndxe4 Bxe4 20. exf4 Bxf4 21. Bxe4 dxe4 22. Rd1 Nf5 23. Bd2 Bb8 24. g3 Kh8 25. Bb4 Bd6 26. Rfe1 e3 27. Kh1 b6 28. g4 bxc5 29. dxc5 Bc7 30. gxf5 e2 31. Rd6 Bxd6 32. cxd6 Qd7 33. Rxe2 Rxe2 34. Qxe2 Rxf5 35. Qe7 Qxe7 36. dxe7 Re5 37. Bc5 a6 38. Kg2 Kg8 39. Kf3 Kf7 40. b4 g5 41. Bd6 Rd5 42. Bc5 a5 43. a3 a4 44. Ke4 Rd2 45. Kf5 Rd3 46. Ke5 Rxa3 47. Kd6 Rd3+ 48. Kxc6 a3 49. Bd6 Rxd6+ 50. Kxd6 Ke8 0-1

[Event "24th Klatovy A 2016"]
[Site "Klatovy CZE"]
[Date "2016.07.09"]
[Round "8.23"]
[White "Vanek, Petr"]
[Black "Drahorad, Daniel"]
[Result "1/2-1/2"]
[WhiteElo "2112"]
[BlackElo "1970"]
[PlyCount "21"]
[EventDate "2016.07.02"]
[EventType "swiss"]
[EventRounds "9"]
[EventCountry "CZE"]

1. e4 e6 2. d4 d5 3. Nc3 Bb4 4. e5 c5 5. Bd2 Ne7 6. a3 cxd4 7. axb4 dxc3 8. Bxc3 O-O 9. Nf3 Qc7 10. Bd3 Ng6 11. O-O 1/2-1/2

[Event "24th Klatovy A 2016"]
[Site "Klatovy CZE"]
[Date "2016.07.09"]
[Round "8.28"]
[White "Kotal, Vaclav"]
[Black "Mueller, Michael3"]
[Result "1/2-1/2"]
[WhiteElo "1886"]
[BlackElo "2102"]
[PlyCount "73"]
[EventDate "2016.07.02"]
[EventType "swiss"]
[EventRounds "9"]
[EventCountry "CZE"]

1. e4 d6 2. d4 e5 3. Nf3 exd4 4. Nxd4 Nf6 5. Nc3 Be7 6. g3 O-O 7. Bg2 Re8 8. O-O c6 9. Bf4 Bf8 10. h3 Nbd7 11. Nf5 Ne5 12. g4 Bxf5 13. exf5 d5 14. g5 Nfd7 15. Qh5 g6 16. fxg6 hxg6 17. Qh4 Bd6 18. Rad1 Qc7 19. Be3 Nc4 20. Bd4 Be5 21. Bxe5 Qxe5 22. Bxd5 cxd5 23. Rxd5 Qc7 24. Rd4 Nd6 25. Qf4 Re6 26. Rfd1 Ne5 27. Nd5 Qc6 28. Nf6+ Kg7 29. Rd5 Rh8 30. Rxe5 Rxh3 31. Nd5 Nf5 32. Rde1 Rd6 33. Rxf5 gxf5 34. Qe5+ Kf8 35. Qe7+ Kg7 36. Qe5+ Kf8 37. Qe7+ 1/2-1/2

[Event "24th Klatovy A 2016"]
[Site "Klatovy CZE"]
[Date "2016.07.09"]
[Round "8.29"]
[White "Kuba, Stanislav"]
[Black "Hlavac, Rudolf"]
[Result "0-1"]
[WhiteElo "2156"]
[BlackElo "1983"]
[PlyCount "104"]
[EventDate "2016.07.02"]
[EventType "swiss"]
[EventRounds "9"]
[EventCountry "CZE"]

1. d4 Nf6 2. c4 g6 3. Nc3 d5 4. e3 Bg7 5. Nf3 O-O 6. b3 c5 7. Bb2 Nc6 8. Be2 cxd4 9. exd4 Bg4 10. c5 b6 11. O-O bxc5 12. dxc5 e5 13. Nb5 Ne4 14. Nd6 Nxd6 15. Qxd5 e4 16. Bxg7 Kxg7 17. Nd4 Nf5 18. Nxf5+ gxf5 19. Qxc6 Bxe2 20. Rfe1 Bd3 21. Re3 Qd4 22. Rae1 f4 23. Rh3 e3 24. Qh6+ Kh8 25. fxe3 fxe3 26. Rh4 Qxc5 27. Qxe3 Qxe3+ 28. Rxe3 Bg6 29. Ra4 a6 30. g4 Rfd8 31. h4 Rd2 32. h5 Bb1 33. a3 h6 34. Rf4 Ra7 35. b4 Kg7 36. Rb3 Ba2 37. Rg3 Rc7 38. g5 Rc1+ 39. Rf1 Rxf1+ 40. Kxf1 hxg5 41. Rxg5+ Kh6 42. Ra5 Rd5 43. Rxa6+ Kxh5 44. Ra7 Kg6 45. a4 f5 46. b5 Rd1+ 47. Kf2 Rb1 48. Ke3 Rb4 49. Ra6+ Kg5 50. b6 Bc4 51. Ra8 Rxb6 52. Kd4 Ra6 0-1

[Event "24th Klatovy A 2016"]
[Site "Klatovy CZE"]
[Date "2016.07.09"]
[Round "8.31"]
[White "Maly, Filip"]
[Black "Vevera, Radek"]
[Result "1/2-1/2"]
[WhiteElo "1954"]
[BlackElo "2000"]
[PlyCount "61"]
[EventDate "2016.07.02"]
[EventType "swiss"]
[EventRounds "9"]
[EventCountry "CZE"]

1. e4 c6 2. d4 d5 3. e5 Bf5 4. Nf3 e6 5. h3 a6 6. Be2 c5 7. c3 Nc6 8. Be3 cxd4 9. Bxd4 Nh6 10. Nbd2 Be7 11. Nb3 O-O 12. O-O Be4 13. Nfd2 Qc7 14. f4 Nf5 15. Bf2 Rad8 16. g4 Nh4 17. Nc5 g5 18. Ncxe4 dxe4 19. Qe1 e3 20. Bxe3 gxf4 21. Bxf4 Nxe5 22. Bg3 Rxd2 23. Qxd2 Nef3+ 24. Rxf3 Nxf3+ 25. Bxf3 Qxg3+ 26. Qg2 Bc5+ 27. Kh1 Qxg2+ 28. Kxg2 Rd8 29. Rd1 Rxd1 30. Bxd1 a5 31. Kf3 1/2-1/2

[Event "24th Klatovy A 2016"]
[Site "Klatovy CZE"]
[Date "2016.07.09"]
[Round "8.34"]
[White "Dobias, Daniel"]
[Black "Lacina, Filip"]
[Result "1/2-1/2"]
[WhiteElo "1827"]
[BlackElo "1981"]
[PlyCount "57"]
[EventDate "2016.07.02"]
[EventType "swiss"]
[EventRounds "9"]
[EventCountry "CZE"]

1. e4 c6 2. Nc3 d5 3. Nf3 Bg4 4. h3 Bh5 5. exd5 cxd5 6. Bb5+ Nc6 7. g4 Bg6 8. Ne5 Rc8 9. d4 e6 10. h4 f6 11. Nxg6 hxg6 12. Qd3 Kf7 13. h5 gxh5 14. gxh5 Nge7 15. Qg3 Nxd4 16. Bd3 Ndf5 17. Bxf5 Nxf5 18. Qg6+ Ke7 19. Bf4 Rc4 20. Bd2 Nh4 21. Qd3 Rd4 22. Qg3 Nf5 23. Qg6 Qe8 24. Qg2 Qc6 25. O-O-O Rc4 26. Rhe1 Kd8 27. Qg6 Bb4 28. h6 Rxh6 29. Bxh6 1/2-1/2

[Event "24th Klatovy A 2016"]
[Site "Klatovy CZE"]
[Date "2016.07.09"]
[Round "8.39"]
[White "Sysel, Jaroslav"]
[Black "Paldus, Jan"]
[Result "1/2-1/2"]
[WhiteElo "1879"]
[BlackElo "1753"]
[PlyCount "44"]
[EventDate "2016.07.02"]
[EventType "swiss"]
[EventRounds "9"]
[EventCountry "CZE"]

1. e4 d5 2. e5 c5 3. f4 Nc6 4. Nf3 Bg4 5. Bb5 e6 6. Bxc6+ bxc6 7. h3 Bf5 8. d3 h6 9. O-O Qb6 10. Kh1 Ne7 11. Nh4 Bh7 12. Qh5 Nf5 13. Nxf5 Bxf5 14. g4 Bg6 15. Qh4 Be7 16. Qe1 h5 17. f5 hxg4 18. fxg6 Rxh3+ 19. Kg2 Bh4 20. gxf7+ Kf8 21. Qe2 Rg3+ 22. Kh2 Rh3+ 1/2-1/2

[Event "24th Klatovy A 2016"]
[Site "Klatovy CZE"]
[Date "2016.07.09"]
[Round "8.46"]
[White "Mackova, Veronika"]
[Black "Svoboda, Jaroslav2"]
[Result "1/2-1/2"]
[WhiteElo "1902"]
[BlackElo "1711"]
[PlyCount "81"]
[EventDate "2016.07.02"]
[EventType "swiss"]
[EventRounds "9"]
[EventCountry "CZE"]

1. e4 c5 2. Nf3 d6 3. d4 cxd4 4. Nxd4 a6 5. c4 e5 6. Nf3 Nf6 7. Nc3 Be7 8. Be2 O-O 9. O-O Nc6 10. a3 h6 11. b4 Be6 12. h3 Rc8 13. Be3 Qd7 14. Kh2 Nh5 15. Nd5 Bd8 16. Rc1 Nf6 17. Nd2 Nh7 18. f4 f5 19. fxe5 Nxe5 20. Bd4 Bxd5 21. exd5 Bg5 22. Rc3 Nf6 23. Rc2 f4 24. Nf3 Qf5 25. Kg1 Ne4 26. Nxe5 dxe5 27. Bg4 Qf6 28. Bxc8 exd4 29. Be6+ Kh8 30. Rf3 Bh4 31. Rd3 Nc3 32. Qg4 Bg3 33. Qf3 Qe5 34. Rd1 Nxd1 35. Qxd1 d3 36. Rd2 f3 37. gxf3 Be1 38. Rxd3 Qg3+ 39. Kh1 Qf2 40. c5 Rf6 41. Bg4 1/2-1/2

[Event "24th Klatovy A 2016"]
[Site "Klatovy CZE"]
[Date "2016.07.10"]
[Round "9.1"]
[White "Neuman, Petr"]
[Black "Lacina, Adolf"]
[Result "1-0"]
[WhiteElo "2446"]
[BlackElo "2167"]
[PlyCount "96"]
[EventDate "2016.07.02"]
[EventType "swiss"]
[EventRounds "9"]
[EventCountry "CZE"]

1. c4 e5 2. e3 Nf6 3. Nc3 Bb4 4. Nge2 O-O 5. a3 Be7 6. d4 d6 7. g3 c6 8. Bg2 Nbd7 9. O-O Re8 10. e4 Bf8 11. d5 a5 12. Rb1 Nb6 13. Qd3 a4 14. Be3 Ng4 15. Bd2 Nd7 16. Nc1 Nc5 17. Qe2 f5 18. dxc6 bxc6 19. exf5 Bxf5 20. Bxc6 Bxb1 21. Nxb1 Nf6 22. Be3 Qb6 23. Bxa8 Rxa8 24. Nd3 Qb3 25. Nxc5 dxc5 26. Nc3 Rd8 27. Rc1 h6 28. Qc2 Qxc4 29. Nxa4 Qe6 30. Nxc5 Bxc5 31. Bxc5 e4 32. Kg2 Kh8 33. Be3 Qg4 34. h3 Qf3+ 35. Kh2 Rd3 36. Re1 Nd5 37. Ba7 Nf6 38. Qe2 Qf5 39. Be3 Qd5 40. Rc1 Nd7 41. Qg4 Rxe3 42. Rc8+ Kh7 43. fxe3 Qd2+ 44. Kh1 Qe1+ 45. Kg2 Qd2+ 46. Kf1 Qd3+ 47. Qe2 Qb1+ 48. Kg2 Nf6 1-0

[Event "24th Klatovy A 2016"]
[Site "Klatovy CZE"]
[Date "2016.07.10"]
[Round "9.2"]
[White "Jurek, Josef"]
[Black "Kovar, Vojtech"]
[Result "0-1"]
[WhiteElo "2296"]
[BlackElo "2358"]
[PlyCount "92"]
[EventDate "2016.07.02"]
[EventType "swiss"]
[EventRounds "9"]
[EventCountry "CZE"]

1. Nf3 d5 2. g3 Nf6 3. Bg2 e6 4. O-O Be7 5. c4 d4 6. e3 Nc6 7. exd4 Nxd4 8. Nxd4 Qxd4 9. d3 O-O 10. Qe2 Rd8 11. Rd1 e5 12. Be3 Qg4 13. f3 Qh5 14. Nc3 c6 15. a3 Nd7 16. f4 Qxe2 17. Nxe2 Nc5 18. Nc1 Bg4 19. Rd2 exf4 20. gxf4 Ne6 21. Nb3 a5 22. Re1 a4 23. Nc1 Bh4 24. Rf1 Bf6 25. h3 Bf5 26. Rfd1 Bd4 27. Bxd4 Nxd4 28. Kf2 Bg6 29. Re1 Kf8 30. Be4 Bh5 31. Rg1 f5 32. Bh1 Rd7 33. Rg5 g6 34. Rg1 Re8 35. Re1 Rde7 36. Rxe7 Rxe7 37. Bg2 h6 38. Na2 Nb3 39. Rc2 Bd1 40. Rc3 Re2+ 41. Kg3 Rxb2 42. Nb4 Nd4 43. Bf1 g5 44. Rc1 Bh5 45. Re1 Kf7 46. h4 gxh4+ 0-1

[Event "24th Klatovy A 2016"]
[Site "Klatovy CZE"]
[Date "2016.07.10"]
[Round "9.3"]
[White "Hausner, Ivan"]
[Black "Hollan, Petr"]
[Result "1/2-1/2"]
[WhiteElo "2345"]
[BlackElo "2263"]
[PlyCount "43"]
[EventDate "2016.07.02"]
[EventType "swiss"]
[EventRounds "9"]
[EventCountry "CZE"]

1. Nf3 Nf6 2. g3 d5 3. Bg2 c6 4. d3 Bg4 5. Nbd2 Nbd7 6. h3 Bxf3 7. Nxf3 e5 8. O-O Be7 9. Qe1 O-O 10. e4 Re8 11. b3 Bf8 12. Bb2 a5 13. a4 Qc7 14. Qe2 Rad8 15. Nh2 dxe4 16. dxe4 Bc5 17. Rad1 Nf8 18. Nf3 Ng6 19. Rxd8 Rxd8 20. Ne1 Qe7 21. Nd3 Bd4 22. Bc1 1/2-1/2

[Event "24th Klatovy A 2016"]
[Site "Klatovy CZE"]
[Date "2016.07.10"]
[Round "9.5"]
[White "Turner, Jan"]
[Black "Rosenbaum, Vit"]
[Result "1/2-1/2"]
[WhiteElo "2387"]
[BlackElo "2087"]
[PlyCount "175"]
[EventDate "2016.07.02"]
[EventType "swiss"]
[EventRounds "9"]
[EventCountry "CZE"]

1. Nf3 Nf6 2. g3 g6 3. b3 Bg7 4. Bb2 O-O 5. Bg2 c5 6. c4 Nc6 7. O-O b6 8. d4 cxd4 9. Nxd4 Bb7 10. Nc3 Qc8 11. Nf3 Ne4 12. Rc1 Nxc3 13. Bxc3 Bxc3 14. Rxc3 Qc7 15. Qd2 Kg7 16. e4 d6 17. Re1 Rad8 18. Qb2 Kg8 19. Rd1 Nb8 20. Nd4 Nd7 21. Nb5 Qb8 22. Re3 a6 23. Nc3 Qc7 24. Nd5 Bxd5 25. exd5 Ne5 26. h3 Qc5 27. Qe2 b5 28. cxb5 axb5 29. f4 Nd7 30. Kh2 Rc8 31. Rxe7 Nf6 32. Qd2 Qc2 33. Re2 Qxd2 34. Rdxd2 Rc5 35. Re7 Rfc8 36. g4 Rc2 37. Ree2 Rc1 38. Rd4 R8c2 39. Rxc2 Rxc2 40. a4 Rb2 41. Rd3 bxa4 42. bxa4 Ra2 43. Rd4 Nd7 44. Rb4 Nc5 45. Rb6 Rxa4 46. Rxd6 Rxf4 47. Rc6 Nd7 48. Rc7 Ne5 49. Re7 Nc4 50. Rc7 Ne3 51. d6 Nxg2 52. d7 Rd4 53. Rc8+ Kg7 54. d8=Q Rxd8 55. Rxd8 Nf4 56. Kg3 Ne6 57. Ra8 g5 58. Kf3 h6 59. Ke4 Kf6 60. Rg8 Nc5+ 61. Kf3 Nd7 62. Kg3 Ne5 63. h4 Ng6 64. h5 Nf4 65. Kf3 Ne6 66. Rc8 Nf4 67. Ke4 Nh3 68. Rc6+ Kg7 69. Kf5 Nf4 70. Rd6 Ng2 71. Rd3 Nf4 72. Ra3 Ng2 73. Ke5 Nf4 74. Rb3 Ng2 75. Rf3 Nf4 76. Ra3 Ne6 77. Ra1 Nf4 78. Ra7 Nd3+ 79. Kf5 Nf4 80. Ra2 Nd5 81. Re2 Nf4 82. Ra2 Nd5 83. Ra3 Nf4 84. Ra1 Nd5 85. Ke5 Nf4 86. Ra6 Nh3 87. Ra3 Nf4 88. Ke4 1/2-1/2

[Event "24th Klatovy A 2016"]
[Site "Klatovy CZE"]
[Date "2016.07.10"]
[Round "9.6"]
[White "Novotny, Michal"]
[Black "Toman, Ondrej"]
[Result "1-0"]
[WhiteElo "2283"]
[BlackElo "2197"]
[PlyCount "51"]
[EventDate "2016.07.02"]
[EventType "swiss"]
[EventRounds "9"]
[EventCountry "CZE"]

1. d4 Nf6 2. Nf3 g6 3. Bf4 Bg7 4. Nc3 d5 5. e3 c6 6. Be2 Nbd7 7. Ne5 Nxe5 8. Bxe5 b5 9. g4 O-O 10. g5 Ne4 11. Bxg7 Nxc3 12. Qd3 Kxg7 13. Qxc3 Qd6 14. h4 a5 15. f4 Bf5 16. Bd3 Bxd3 17. cxd3 b4 18. Qc2 a4 19. Qc5 Qe6 20. Kf2 Rab8 21. Rac1 Rfc8 22. h5 Rb5 23. Qa7 c5 24. hxg6 hxg6 25. Rh6 Rb7 26. Rch1 1-0

[Event "24th Klatovy A 2016"]
[Site "Klatovy CZE"]
[Date "2016.07.10"]
[Round "9.7"]
[White "Zeman, Matyas"]
[Black "Hurdzan, Tomas"]
[Result "1/2-1/2"]
[WhiteElo "2056"]
[BlackElo "2208"]
[PlyCount "46"]
[EventDate "2016.07.02"]
[EventType "swiss"]
[EventRounds "9"]
[EventCountry "CZE"]

1. e4 c5 2. Nf3 Nc6 3. d4 cxd4 4. Nxd4 Nf6 5. Nc3 d6 6. Bg5 e6 7. Qd2 Be7 8. O-O-O O-O 9. f4 h6 10. Bxf6 Bxf6 11. Nxc6 bxc6 12. Qxd6 Qb6 13. e5 Rd8 14. Qa3 Qe3+ 15. Kb1 Rxd1+ 16. Nxd1 Qxa3 17. bxa3 Be7 18. c3 Rb8+ 19. Kc2 Bxa3 20. Bc4 a5 21. Re1 Kf8 22. Re2 Ke7 23. Nf2 Rb2+ 1/2-1/2

[Event "24th Klatovy A 2016"]
[Site "Klatovy CZE"]
[Date "2016.07.10"]
[Round "9.8"]
[White "Dolansky, Lukas"]
[Black "Miesbauer, Jan"]
[Result "0-1"]
[WhiteElo "2102"]
[BlackElo "2321"]
[PlyCount "62"]
[EventDate "2016.07.02"]
[EventType "swiss"]
[EventRounds "9"]
[EventCountry "CZE"]

1. e4 Nf6 2. e5 Ng8 3. Bc4 d5 4. exd6 cxd6 5. d4 Nf6 6. c3 g6 7. Bg5 Bg7 8. Qc1 h6 9. Bd2 Nc6 10. Ne2 d5 11. Bd3 e5 12. O-O Qb6 13. Re1 O-O 14. Bxh6 Bxh6 15. Qxh6 e4 16. Nd2 exd3 17. Nf4 Ng4 18. Qg5 Qd8 19. Qxd5 Qh4 20. Nf3 Qxf2+ 21. Kh1 Bf5 22. Nh3 Qxb2 23. Nh4 Ne3 24. Qf3 d2 25. Rg1 Rae8 26. Nxf5 Nxf5 27. Ng5 Qxa1 28. Qh3 Qxg1+ 29. Kxg1 d1=Q+ 30. Kf2 Qe2+ 31. Kg1 Qe1# 0-1

[Event "24th Klatovy A 2016"]
[Site "Klatovy CZE"]
[Date "2016.07.10"]
[Round "9.9"]
[White "Taborsky, Rostislav"]
[Black "Vedral, Oldrich"]
[Result "1/2-1/2"]
[WhiteElo "2180"]
[BlackElo "2289"]
[PlyCount "97"]
[EventDate "2016.07.02"]
[EventType "swiss"]
[EventRounds "9"]
[EventCountry "CZE"]

1. d4 d5 2. c4 e6 3. Nf3 Nf6 4. g3 dxc4 5. Bg2 Bd7 6. Ne5 Bc6 7. Nxc6 Nxc6 8. O-O Qd7 9. Nc3 O-O-O 10. Qa4 Nd5 11. Qxc4 Nb6 12. Qd3 Qxd4 13. Qf3 Qf6 14. Qe4 Rd4 15. Qc2 Nb4 16. Qb3 N4d5 17. Nxd5 exd5 18. a3 Qe6 19. Be3 Rc4 20. Rfd1 c6 21. Rac1 Be7 22. Bxb6 axb6 23. Qxb6 Rxc1 24. Rxc1 Kb8 25. e3 h5 26. a4 h4 27. a5 Bd8 28. Qc5 Qe7 29. Qc3 Qf6 30. Qa3 Be7 31. Qb3 Qd6 32. a6 Qb4 33. Qc2 hxg3 34. hxg3 Qb6 35. axb7 Kxb7 36. Qf5 Bf6 37. Qd7+ Qc7 38. Qxc7+ Kxc7 39. Bxd5 Bxb2 40. Rxc6+ Kd7 41. Rb6 Bc3 42. Bxf7 Ke7 43. Bd5 Rd8 44. e4 Rf8 45. Kg2 Rxf2+ 46. Kh3 Rf6 47. Rb7+ Kd6 48. Rb6+ Ke5 49. Rxf6 1/2-1/2

[Event "24th Klatovy A 2016"]
[Site "Klatovy CZE"]
[Date "2016.07.10"]
[Round "9.10"]
[White "Soural, Jan"]
[Black "Chalupa, Ivan"]
[Result "1-0"]
[WhiteElo "2231"]
[BlackElo "2175"]
[PlyCount "119"]
[EventDate "2016.07.02"]
[EventType "swiss"]
[EventRounds "9"]
[EventCountry "CZE"]

1. d4 d5 2. c4 dxc4 3. e3 e5 4. Bxc4 exd4 5. exd4 Bd6 6. Nf3 Nf6 7. O-O O-O 8. Nc3 h6 9. Ne5 c6 10. Qc2 Nbd7 11. Nxf7 Rxf7 12. Qg6 Qf8 13. Bxh6 Kh8 14. Bxf7 gxh6 15. d5 Qg7 16. dxc6 bxc6 17. Rad1 Bc7 18. Qxg7+ Kxg7 19. Be6 Ne5 20. Bxc8 Rxc8 21. Rfe1 Kf7 22. Na4 Nc4 23. Rd4 Nb6 24. g3 Nxa4 25. Rxa4 Bb6 26. Rc1 c5 27. Rh4 Rd8 28. Rhc4 Rd2 29. R1c2 Rd3 30. Kg2 Kg6 31. h3 Nd7 32. Re2 Nf6 33. Rf4 Rd4 34. Rf3 Rd6 35. Rfe3 Nd5 36. Re6+ Rxe6 37. Rxe6+ Kg7 38. Rd6 Nc7 39. Kf3 Nb5 40. Rd7+ Kg6 41. Ke4 c4 42. a4 c3 43. axb5 cxb2 44. Rd1 Bxf2 45. Rb1 Bxg3 46. Rxb2 Bc7 47. Kd5 Bb6 48. Kc6 Kg5 49. Rb4 h5 50. Ra4 h4 51. Kb7 Bf2 52. Rxa7 Bxa7 53. Kxa7 Kf4 54. b6 Kg3 55. b7 Kxh3 56. b8=Q Kg2 57. Qb2+ Kg3 58. Qc3+ Kg2 59. Qd2+ Kg3 60. Qe1+ 1-0

[Event "24th Klatovy A 2016"]
[Site "Klatovy CZE"]
[Date "2016.07.10"]
[Round "9.11"]
[White "Formanek, Martin"]
[Black "Slovak, Kilian"]
[Result "1-0"]
[WhiteElo "2227"]
[BlackElo "2108"]
[PlyCount "49"]
[EventDate "2016.07.02"]
[EventType "swiss"]
[EventRounds "9"]
[EventCountry "CZE"]

1. Nf3 g6 2. g3 Bg7 3. d4 d6 4. Bg2 Nf6 5. O-O O-O 6. c4 Nc6 7. Nc3 a6 8. h3 Rb8 9. e4 e5 10. Be3 exd4 11. Nxd4 Nd7 12. b3 Nde5 13. Nde2 b5 14. cxb5 axb5 15. f4 b4 16. Nd5 Nd7 17. Rc1 Bb7 18. Rc2 Ra8 19. Qd2 Re8 20. Rfc1 Ndb8 21. Nxb4 Nxb4 22. Qxb4 Bd5 23. Qd2 Bxe4 24. Bxe4 Rxe4 25. Qd5 1-0

[Event "24th Klatovy A 2016"]
[Site "Klatovy CZE"]
[Date "2016.07.10"]
[Round "9.12"]
[White "Palek, Miroslav"]
[Black "Simunek, Filip"]
[Result "0-1"]
[WhiteElo "2187"]
[BlackElo "2143"]
[PlyCount "72"]
[EventDate "2016.07.02"]
[EventType "swiss"]
[EventRounds "9"]
[EventCountry "CZE"]

1. e4 c5 2. Nf3 e6 3. c4 Nc6 4. Nc3 a6 5. Be2 Qc7 6. O-O Bd6 7. h3 Nf6 8. d3 O-O 9. Be3 b6 10. Rc1 Bb7 11. Qd2 Rab8 12. Rfd1 Rfd8 13. d4 cxd4 14. Nxd4 Nxd4 15. Bxd4 Nxe4 16. Nxe4 Bxe4 17. Bxg7 Bh2+ 18. Kh1 Kxg7 19. Qg5+ Kf8 20. Qh6+ Ke8 21. Rc3 Be5 22. Re3 Bf4 23. Qg7 Bxe3 24. fxe3 Qc5 25. Rf1 Qf8 26. Qe5 Bg6 27. a3 Rbc8 28. b4 a5 29. Qb5 axb4 30. axb4 Qd6 31. Rd1 Qg3 32. Bf3 Qc7 33. Rd4 f6 34. Rf4 Ke7 35. h4 Qe5 36. Qxb6 Rb8 0-1

[Event "24th Klatovy A 2016"]
[Site "Klatovy CZE"]
[Date "2016.07.10"]
[Round "9.13"]
[White "Filipi, Stepan"]
[Black "Barrish, Daniel"]
[Result "0-1"]
[WhiteElo "2164"]
[BlackElo "2183"]
[PlyCount "98"]
[EventDate "2016.07.02"]
[EventType "swiss"]
[EventRounds "9"]
[EventCountry "CZE"]

1. e4 c5 2. Nf3 d6 3. d4 cxd4 4. Nxd4 Nf6 5. Nc3 g6 6. Be3 Bg7 7. f3 O-O 8. Bc4 Nc6 9. Qd2 Bd7 10. h4 h5 11. O-O-O Rc8 12. Bb3 Ne5 13. Bg5 Rc5 14. g4 hxg4 15. h5 Nxh5 16. Nd5 Re8 17. f4 Nc4 18. Qd3 b5 19. f5 Rxd5 20. exd5 Bxd4 21. Qxd4 e5 22. Bxd8 exd4 23. fxg6 fxg6 24. Bh4 Ne5 25. Bf2 Nf3 26. c3 g3 27. Bxd4 g2 28. Rhg1 Nxg1 29. Rxg1 Nf4 30. Bd1 Bf5 31. Bf3 Be4 32. Be3 Nh3 33. Rxg2 Bxf3 34. Rxg6+ Kf7 35. Rg3 Rxe3 36. Rxh3 Re1+ 37. Kd2 Rf1 38. Rh7+ Kf6 39. Rxa7 Bxd5 40. a4 Rf2+ 41. Kc1 bxa4 42. Rxa4 Ke5 43. b4 Ra2 44. Rxa2 Bxa2 45. Kb2 Bc4 46. Ka3 Ke4 47. Ka4 Kd3 48. b5 Kxc3 49. b6 Ba6 0-1